000 01327nam a2200349 a 4500
001 ebr10151241
003 CaPaEBR
005 20251022003249.0
006 m u
007 cr cn|||||||||
008 020416s2002 mnu s s001 0beng
010 _z 2002005963
020 _z0816641870 (acid-free paper)
040 _aCaPaEBR
_cCaPaEBR
035 _a(OCoLC)647624579
043 _an-us-mn
050 1 4 _aF610.3.V46
_bH38 2002eb
082 0 4 _a977.6/053/092
_aB
_221
090 _c128658
_d102375
100 1 _aHauser, Tom.
_9173660
245 1 0 _aInside the ropes with Jesse Ventura
_h[electronic resource] /
_cTom Hauser.
260 _aMinneapolis :
_bUniversity of Minnesota Press,
_cc2002.
300 _axvii, 427 p. ;
_c24 cm.
500 _aIncludes index.
533 _aElectronic reproduction.
_bPalo Alto, Calif. :
_cebrary,
_d2009.
_nAvailable via World Wide Web.
_nAccess may be limited to ebrary affiliated libraries.
600 1 0 _aVentura, Jesse.
_980465
650 0 _aGovernors
_zMinnesota
_vBiography.
_980466
651 0 _aMinnesota
_xPolitics and government
_y1951-
_980467
655 7 _aElectronic books.
_2local
_9190
710 2 _aebrary, Inc.
_9191
856 4 0 _uhttp://site.ebrary.com/lib/strathmore/Doc?id=10151241
_zAn electronic book accessible through the World Wide Web; click to view
999 _c128658
_d102375